Rozpoznaj grę po recenzji Steam #17 - Statystyki

Ogólne statystyki
  • Ten quiz został rozwiązany 3 razy
  • Średni wynik to 10 z 20
Statystyki odpowiedzi
Recenzja Tytuł % Poprawnych
-sprzedałem dziecko pedofilowi
-zgwałcili mnie
-nadepnąłem na gwóźdź i umarłem
-odcieli mi kończyny
-leci mi krew z odbytu
10/10
Fear & Hunger
100%
Ide zrzucić swoją siostre ze schodów. OMORI
100%
Co złego zrobiła owca że ją kapłan zwolololował Age of Empires II: Definitive Edition
67%
Bardzo fajna gierka co-op ;p Edit: Jednak chujowa, jak można tak ending gry spieprzyć to ja nie wiem, totalne dno A Way Out
67%
Mamy za moment 2027, a świat nadal nie jest czarno-żółty Deus Ex: Human Revolution - Director's Cut
67%
WODACHŁOPIEC Dispatch
67%
Można się ruchać z kościotrupem 10/10 Divinity: Original Sin 2
67%
Gdy misje ratunkową wysyłasz po misje ratunkową misji ratunkowej wiesz, że żyjesz. Kerbal Space Program
67%
Najlepszy symulator spawania drzwi Killing Floor
67%
Capcom, żeby zadowolić Polaków, zainspirowali się słynnym artefaktem, który przyczynił się do rozwoju wszystkiego w Polsce: słynna kurtka Najmana, która tyle czekała i się doczekała. PRAGMATA
67%
Gotycka estetyka, dojenie z krwi trzymanych w klatkach więźniów, zabijanie błagających o litość zakonnic - 10/10 V Rising
67%
W jakiej innej grze odbijasz obóz koncentracyjny sterując mechem, lądujesz na nazistowskiej bazie na księżycu i bierzesz kwas z samym Jimim Hendrixem? POLECAM Wolfenstein: The New Order
67%
Powinien być jakiś achievement za pokonanie Bossa w postaci koszyka Steam w dniu premiery gry. Hollow Knight: Silksong
33%
symulator nie rozumienia języka portugalskiego w Brazylii polecam fajne Max Payne 3
33%
Po dobrej wódzie lepszy jestem w dżudzie Sifu
33%
Już wiem kim będę po humanie Alan Wake
0%
nie robi soczku tylko jakies kwadraty 0/10 Blender
0%
Gra, w której zrzucasz rzeczy ze stołu, by wyjaśniać morderstwa. Zawiera śladowe ilości kotów. Ghost Trick: Phantom Detective
0%
Piękna szara nuda. Twórcy chyba za bardzo chcieli udowodnić, że gry komputerowe to sztuka, zapominając o tym, dlaczego w ogóle powinno się tworzyć grę komputerową, a nie po prostu animację. Jest tutaj kilka cutscenek, w których nie mamy kontroli nad naszą postacią, a płynne przejście sprawia, że wyglądają one zwyczajnie jak gameplay, i uważam, że cała gra mogłaby taka być, i prawdopodobnie lepiej by na tym wyszła, patrząc na stan jej faktycznej rozgrywki. GRIS
0%
symulator rumuna rozbierasz przydrożne sklepy na części i budujesz z nich auto Scrap Mechanic
0%
Nie znaleziono quizów pasujących do podanych kryteriów
Rozkład punktacji
Procent ludzi z każdym wynikiem
Percentyl według liczby udzielonych odpowiedzi
Twoja historia wyników
Nie rozwiązałeś tego quizu